Directory of world cinema. (Record no. 132693)
[ view plain ]
| 000 -LEADER | |
|---|---|
| fixed length control field | 01168nam a2200289Ia 4500 |
| 245 00 - TITLE STATEMENT | |
| Title | Directory of world cinema. |
| 260 ## - PUBLICATION, DISTRIBUTION, ETC. (IMPRINT) | |
| Place of publication | Brisol, UK ; |
| -- | Chicago, USA : |
| Name of publisher | Intellect, |
| Year of publication | 2010. |
| 300 ## - PHYSICAL DESCRIPTION | |
| Number of Pages | 350 p. : |
| Other physical details | ill. |
| 650 #0 - SUBJECT ADDED ENTRY--TOPICAL TERM | |
| Topical Term | Motion picture industry |
| Topical Term | Motion picture industry |
| 700 1# - ADDED ENTRY--PERSONAL NAME | |
| Personal name | Goldsmith, Ben. |
| Personal name | Lealand, Geoffrey. |
| 856 40 - ELECTRONIC LOCATION AND ACCESS | |
| Uniform Resource Identifier | http://site.ebrary.com/lib/rucke/Doc?id=10437076 |
No items available.
